000 01296nam a22003857a 4500
003 CHAP
005 20220329133248.0
008 971013s1990 r 00010 d
010 _a4071
011 _a5043
035 _a4249
040 _cCHAP
090 _aFolleto 13378
100 0 0 _aReed, Michael J.
_995416
245 _aImpact of production changes on corn movements
_b: among selected states 1982-1983
260 _aUrbana :
_bUniversity of Illinois. Agricultural Experiment Station,
_c1990
300 _a70 p
490 _aUnivesity of Illinois bulletin
_v; 796
500 _aD52-151
590 _aBATCH-UPD
_b10
_c20130109
_lUCH01
_h2317
590 _aBATCH-UPD
_b10
_c20130110
_lUCH01
_h0100
590 _aBATCH-UPD
_b10
_c20130110
_lUCH01
_h1721
590 _aBATCH-UPD
_b10
_c20130409
_lUCH01
_h2049
590 _aBATCH-UPD
_b10
_c20130410
_lUCH01
_h1104
590 _aBATCH-UPD
_b10
_c20130914
_lUCH01
_h1617
590 _aCONVERSION
_b10
_c20130109
_lUCH01
_h1303
650 1 4 _aMaíz
_xMercadeo.
_971007
650 1 4 _aMaíz
_xTransporte.
_971074
700 0 _aHill, Lowell D.
_955434
700 0 _aPatterson, Martin G.
_986244
830 0 _aUnivesity of Illinois bulletin
_v; 796
_9116784
901 _aBK
942 _cFOLL
949 _aFolleto 13378
_bBC
_cFOLL
_d-13782
_eTS1
_i4249
_mD
_si
999 _c4071
_d4071